00483nam a22001217a 4500008004100000040005500041080002700096100002400123245013100147260005200278300000900330700002200339230801b |||||||| |||| 00| 0 eng d aNational Science LibrarycNational Science Library aR 016:614.7:5.28.7bL11 aBrooks, Paul Dennis aAnnotated bibliography of remote sensing of air and water pollutionc/ Army Topographic Command Washington, D.C September 1971 aWashington: bUS Department of Commerce, c1971 a21p. aThomson, George W